Herpetology : an introductory biology of amphibians and reptiles

Αποθηκεύτηκε σε:
Λεπτομέρειες βιβλιογραφικής εγγραφής
Κύριος συγγραφέας: Zug, George R. 1938-
Μορφή: Βιβλίο
Γλώσσα:English
Δημοσίευση: San Diego : Academic Press, c1993
Θέματα:
Ετικέτες: Προσθήκη ετικέτας
Δεν υπάρχουν, Καταχωρήστε ετικέτα πρώτοι!

MARC

LEADER 00000nam a2200000 i 4500
001 1/101188
008 000208s1993 eng d
020 |a 0-12-782620-3 
035 |l 10057580 
040 |a GR-MY-UA  |b gre  |e aacr 
041 0 |a eng 
082 0 |a 597.6 
100 1 |a Zug, George R.  |d 1938- 
245 1 0 |a Herpetology :  |b an introductory biology of amphibians and reptiles /  |c George R. Zug 
260 |a San Diego :   |b Academic Press,   |c c1993 
300 |a 527 p.  |b fig.; tabl. 
504 |a includes bibliographical references and index 
650 0 0 |a Herpetology. 
852 |a INST  |b LESVOS  |e 20000208  |h 597.6 ZUG  |p 005100021803  |q 005100021803  |t BK  |y 0 
901 |a BIBL1-2000-1 
909 |a Λ  |b 073366 
922 |a 1ΕΛΗ  |b 199912  |c ΚΠΣ/ΤΠ  |d GLORY 
950 |a 107-1999-12-22 
970 |a ΜΟΥΣΤΑΚΑ  |b ΠΗΝΕΛΟΠΗ  |z 2000/02/08